Un siglo de pintura cordobesa (Record no. 144347)

MARC details
000 -LEADER
campo de control de longitud fija 00699nam a2200193 4500
001 - NÚMERO DE CONTROL
campo de control 144347
003 - IDENTIFICADOR DE NÚMERO DE CONTROL
campo de control ES-MaACL
005 - FECHA Y HORA DE LA ÚLTIMA TRANSACCIÓN
campo de control 20250804023808.0
007 - CAMPO FIJO DE DESCRIPCIÓN FÍSICA--INFORMACIÓN GENERAL
campo de control de longitud fija t|
008 - DATOS DE LONGITUD FIJA--INFORMACIÓN GENERAL
campo de control de longitud fija 070214s1984 sp r ||||1| spa d
245 03 - MENCIÓN DEL TÍTULO
Título Un siglo de pintura cordobesa
Resto del título : (1791-1891) : exposición /
Mención de responsabilidad, etc. textos de Mercedes Valverde Candil, Francisco Zueras Torrens.
260 ## - PUBLICACIÓN, DISTRIBUCIÓN, ETC.
Lugar de publicación, distribución, etc. Córdoba :
Nombre del editor, distribuidor, etc. Diputación Provincial,
Fecha de publicación, distribución, etc. 1984.
300 ## - DESCRIPCIÓN FÍSICA
Extensión 87 h., con lám. ;
Dimensiones 28 cm.
700 1# - ENTRADA AGREGADA--NOMBRE PERSONAL
Nombre de persona Valverde Candil, Mercedes.
9 (RLIN) 113017
700 1# - ENTRADA AGREGADA--NOMBRE PERSONAL
Nombre de persona Zueras Torrens, Francisco,
Fechas asociadas al nombre 1918-1992
9 (RLIN) 118428
710 1# - ENTRADA AGREGADA--NOMBRE DE ENTIDAD CORPORATIVA
Nombre de entidad corporativa o nombre de jurisdicción como elemento de entrada Córdoba (Provincia).
Unidad subordinada Diputación Provincial.
9 (RLIN) 3299
852 ## - LOCALIZACIÓN
Ubicación ES-MaACL
Número de control de estantería L-7255
Sublocalización o colección R.107902
Holdings
Estatus retirado Estado de pérdida Estado de daño No para préstamo Biblioteca de origen Biblioteca actual Ubicación en estantería Fecha de adquisición Fuente de adquisición Total de préstamos Signatura topográfica completa Código de barras Visto por última vez Precio de reemplazo Tipo de ítem Koha
        Biblioteca del Ateneo de Madrid Biblioteca del Ateneo de Madrid Depósito 2 17/01/2008     L-7255 1150182 23/02/2023 23/02/2023 Libro impreso